Óvodatámogatás, sok kérdőjellel

Bibliographic Details
Main Author: Lajos P., János (Author)
Format: Article
Language:Hungarian
PhysicalDescription:Fotogr.
ISSN:1335-7050
Subjects:

MARC

LEADER 00000nab a2200000 a 4500
001 vtls011739374
003 SK-MaSNL
005 20260318114438.0
008 180130c20180130xo d| | 00 0|2hun
015 |a SNBRB2018/01 
038 |a DSZK 
040 |a DSZK  |b slo  |c DSZK  |e AACR2 
041 0 |a hun 
044 |a xo  |c SK 
080 |a 323.15  |x (=511.141)  |x (4)  |2 2011 
080 |a 06.024  |x (439)  |2 2011 
080 |a 373.24  |x (437.612)  |2 2011 
100 1 |a Lajos P., János  |4 aut  |9 1088944 
245 1 0 |a Óvodatámogatás, sok kérdőjellel  |c Lajos P. János 
300 |b Fotogr. 
610 2 7 |a Bethlen Gábor Alap (Maďarsko)  |2 dszk  |9 1101398 
650 0 7 |a Maďari v zahraničí  |2 dszk  |9 516031 
650 0 7 |a granty  |2 dszk  |9 5000 
650 0 7 |a materské školy  |2 SNKPH  |9 1278 
651 7 |a Dunajská Streda (Slovensko : okres)  |2 SNKPH  |9 145813 
773 0 |t Új szó  |g Évf. 71, sz. 24 (2018.1.30), o. 3  |x 1335-7050 
852 |a DSZK  |b KIS3GCP 
958 |a HU 
958 |a SK 
999 |c 3306962  |d 3308892